书目信息 |
| 题名: |
TCP/IP网络管理
|
|
| 作者: | 美Craig Zacker | |
| 分册: | ||
| 出版信息: | 中国水利水电出版社 1998. 8 |
|
| 页数: | 474页 | |
| 开本: | 16开 | |
| 丛书名: | ||
| 单 册: | ||
| 中图分类: | TP392 | |
| 科图分类: | ||
| 主题词: | 计算机应用 | |
| 电子资源: | ||
| ISBN: | 7-80124-754-X | |
| 000 | 00541nam0 2200193 45 | |
| 001 | 0308271043 | |
| 005 | 20030827105721.1 | |
| 010 | @a7-80124-754-X@dRMB76.00 | |
| 100 | @a20030827d1998 km y0chiy0120 ea | |
| 101 | @achi | |
| 105 | @a z 000yy | |
| 200 | 1 | @aTCP/IP网络管理@ATCP/IP wang luo guan li@f[美]Craig Zacker@F[mei]Craig Zacker |
| 210 | @c中国水利水电出版社@d1998. 8 | |
| 215 | @a474页@c无图表@d16开 | |
| 606 | 0 | @a计算机应用 |
| 690 | @aTP392@v3 | |
| 701 | 0 | @a美Craig Zacker |
| 801 | @aCN@b@c20030827 | |
| 905 | @aBZT@dTP392@e52 | |
| TCP/IP网络管理/[美]Craig Zacker.-中国水利水电出版社,1998. 8 |
| 474页:无图表;16开 |
| ISBN 7-80124-754-X:RMB76.00 |
| ● |
| 相关链接 |
|
|
|
正题名:TCP/IP网络管理
索取号:TP392/52
 
预约/预借
| 序号 | 登录号 | 条形码 | 馆藏地/架位号 | 状态 | 备注 |
| 1 | 106614 | 200454846 | 中心书库中库/ 中库026架B面7列2层39/ [索取号:TP392/52] | 在馆 |